000 00218nam a22000857a 4500
001 1235232
005 20250930113827.0
245 _aGÜZELLİK VE ÇİRKİNLİK
_cBRIGITTE LABBE
260 _bGÜNIŞIĞI KİTAPLIĞI YAYINLARI
999 _c1235232
_d1235232